| 000 | 00521nam a2200169 i 4500 | ||
|---|---|---|---|
| 001 | 37046 | ||
| 003 | ES-MaACL | ||
| 005 | 20230906155507.0 | ||
| 007 | t| | ||
| 008 | 030220s1972 sp ||||1| spa d | ||
| 100 | 1 |
_aBrugmans, Henri. _932094 |
|
| 245 | 1 | 3 |
_aLa idea europea _b: 1920-1970 / _cHenri Brugmans ; [traductor: Miguel A. Ruiz de Azúa]. |
| 260 |
_aMadrid : _bMoneda y Crédito, _c1972. |
||
| 300 |
_a399 p. ; _c23 cm. |
||
| 700 | 1 |
_aRuiz de Azúa, Miguel Angel. _9100731 |
|
| 852 |
_aES-MaACL _jC-46780 _bR.83626 |
||
| 999 |
_c37046 _d37046 |
||